| 000 | 00575cam a2200205 a 4500 | ||
|---|---|---|---|
| 001 | 2807378 | ||
| 005 | 20180208034807.0 | ||
| 008 | 820518s1982 nyu 001 0 eng | ||
| 010 | _a 82070077 | ||
| 020 | _a0029124808 | ||
| 040 |
_aDLC _cDLC _dDLC |
||
| 041 | _aeng | ||
| 080 | _a658 | ||
| 082 | 0 | 0 |
_a658 GOO _219 |
| 100 | 1 | _a54 | |
| 101 | _aLID | ||
| 245 | 1 | 0 |
_aHow to manage a turnaround : _cStanley J. Goodman. |
| 906 |
_a7 _bcbc _corignew _d1 _eopcn _f19 _gy-gencatlg |
||
| 942 |
_2ddc _cBK |
||
| 999 |
_c42084 _d42084 |
||